00662nam a22001337a 4500999001700000082001200017100009000029245012700119260007500246300001000321650005300331942001200384952013200396 c38478d38478 aRP.0374 aPurohit, Vishnu KantauFoundation For Public Economics and Policy ResearchvNew Delhi aStamp Duty and Registration Fee in Indian States:bA Case for Reforms in Policy and Administration /cVishnu Kanta Purohit aNew Delhi:bFoundation For Public Economics and Policy Research,c2015 a118p. aStamp DutyvTaxesxPublic AdministrationszIndia 2ddccRP 001040718IRPaNASSDOCbNASSDOCd2023-06-19eResearch Report Divisionl0oRP.0374p53725r2023-06-19 00:00:00w2023-06-19yRP